DE LA FUYF. R.. SCHMIDT. H.: DIE MODERNE AKUPUNKTUR. Theorie und Praxis (Moderná akupunktúra. Teória a prax)

Bibliographic Details
Main Author: Šmirala, Jozef, 1935-2014 (Author)
Format: Article
Language:Slovak

MARC

LEADER 00000nab a2200000ua 4500
001 vtls010773807
003 SK-MaSNL
005 20260303123404.0
008 230214s1977 xo |||||||||||||||||slo|
035 |a (urnnbn)urn:nbn:sk:snk:ar-a03lns 
035 |a (uuid)8045f181-d9a7-402a-82c8-aeb53b85133d 
035 |a urn:nbn:sk:snk-ab5czr 
040 |a SNKBUCL  |b slo  |c SNKBUCL  |e AACR2 
041 0 |a slo 
044 |a xo  |c SK 
100 1 |a Šmirala, Jozef,  |d 1935-2014  |4 aut  |9 5013 
245 1 0 |a DE LA FUYF. R.. SCHMIDT. H.: DIE MODERNE AKUPUNKTUR. Theorie und Praxis (Moderná akupunktúra. Teória a prax)  |c Jozef Šmirala 
773 0 |t Bratislavské lekárske listy  |g Roč. 68, č. 1 (1977), s. 127 
954 |a odborná, vedecká literatúra pôvodná (slovenská)  |2 lita 
958 |a OND 
958 |a EUIPO 
958 |a article3 
999 |c 1925585  |d 1927515